| 000 | nam a22 7a 4500 | ||
|---|---|---|---|
| 999 |
_c15305 _d15305 |
||
| 008 | 161028b xxu||||| |||| 00| 0 eng d | ||
| 020 | _a9780970819949 | ||
| 050 | _aNA 1489.6 .K46 2009 | ||
| 100 | _aKenney,Ellen V. | ||
| 245 |
_aPower and patronage in Medieval Syria : _bThe Architecture and Urban works of Tankiz al-Nasiri/ _cEllen V.Kenney |
||
| 260 |
_aChicago : _bMiddle East Documentaries Center , _cc2009 |
||
| 300 |
_axi, 257p. : _bill. ; |
||
| 500 | _aIncludes bibliographies and index. | ||
| 650 |
_aArchitecture,Mameluke _zSyria |
||
| 650 |
_aSayf al-Din Tankiz al-Nasiri,fl 1312-1340 _xArt patronage |
||
| 942 |
_2lcc _cBOOKS _hNA 1489.6 .K46 2009 |
||